|
|
|
|
| LEADER |
00000nab a2200000 a 4500 |
| 001 |
vtls000259326 |
| 003 |
SK-MaSNL |
| 005 |
20260305025922.0 |
| 008 |
250423c1986 xo 0 slo |
| 015 |
|
|
|a SNBRB19rr/mm-uuuuu
|
| 035 |
|
|
|a CL0269440
|
| 035 |
|
|
|a urn:nbn:sk:snk-ab2j0o
|
| 035 |
|
|
|a (urnnbn)urn:nbn:sk:snk:ar-a02hi5
|
| 035 |
|
|
|a (uuid)c281d8ef-5696-41ed-b0c8-eda31d6b8978
|
| 040 |
|
|
|a SNKBUCL
|b slo
|c SNKBUCL
|e AACR2
|
| 041 |
0 |
|
|a slo
|
| 044 |
|
|
|a xo
|c SK
|
| 080 |
|
|
|a 69:002
|2 1981
|
| 080 |
|
|
|a 002
|2 1981
|
| 100 |
1 |
|
|a Matulák, Ivan
|4 aut
|9 1606565
|
| 245 |
1 |
0 |
|a Možnosti spolupráce pri budovaní informačných systémov riadenia stavebníctva a o území (VISRS a ISÚ)
|c Ivan Matulák, Ladislav Setnický
|
| 300 |
|
|
|b Lit. 5 zázn. v slov.
|
| 650 |
0 |
7 |
|a stavebníctvo
|2 snkbucl
|9 726
|
| 650 |
0 |
7 |
|a systémy riadenia informačné
|2 snkbucl
|9 959450
|
| 650 |
0 |
7 |
|a systémy informačné o území
|2 snkbucl
|9 1606566
|
| 655 |
|
7 |
|a články z novín a časopisov
|2 snkbucl
|9 267496
|
| 700 |
1 |
|
|a Setnický, Ladislav
|4 aut
|9 8824
|
| 773 |
0 |
|
|t Ekonomika stavebníctva
|g Roč. 21, č. 2 (1986), s. 42-45
|
| 850 |
|
|
|a Slovenská národná knižnica
|
| 852 |
|
|
|a Slovenská národná knižnica
|
| 954 |
|
|
|a odborná, vedecká literatúra pôvodná (slovenská)
|2 lita
|
| 958 |
|
|
|a article27
|
| 958 |
|
|
|a NB
|
| 958 |
|
|
|a RK
|
| 958 |
|
|
|a OND
|
| 958 |
|
|
|a EUIPO
|
| 992 |
|
|
|a RBX
|
| 999 |
|
|
|c 3308206
|d 3310136
|